All Country Tripoints from North to South - Statistics

General Stats
  • This quiz has been taken 993 times
  • The average score is 77 of 169
Answer Stats
INITIALS COUNTRIES % Correct
FNR Finland Norway Russia
99%
FNS Finland Norway Sweden
99%
ELR Estonia Latvia Russia
98%
BLR Belarus Latvia Russia
97%
BLL Belarus Latvia Lithuania
96%
LPR Lithuania Poland Russia
96%
BLP Belarus Lithuania Poland
95%
BPU Belarus Poland Ukraine
95%
BRU Belarus Russia Ukraine
95%
BGN Belgium Germany Netherlands
94%
BGL Belgium Germany Luxembourg
93%
CGP Czech Republic Germany Poland
93%
BFL Belgium France Luxembourg
90%
FGL France Germany Luxembourg
89%
CPS Czech Republic Poland Slovakia
87%
ACG Austria Czech Republic Germany
85%
ACS Austria Czech Republic Slovakia
85%
AHS Austria Hungary Slovakia
85%
AHS Austria Hungary Slovenia
85%
ALS Austria Liechtenstein Switzerland
85%
HRU Hungary Romania Ukraine
85%
HSU Hungary Slovakia Ukraine
85%
KCR Kazakhstan China Russia
85%
MRU Moldova Romania Ukraine
85%
MCR Mongolia China Russia
85%
PSU Poland Slovakia Ukraine
85%
AGS Austria Germany Switzerland
84%
AIS Austria Italy Slovenia
84%
AIS Austria Italy Switzerland
84%
FGS France Germany Switzerland
84%
MCR Mongolia China Russia
84%
ALS Austria Liechtenstein Switzerland
83%
CHS Croatia Hungary Serbia
83%
FIS France Italy Switzerland
83%
HRS Hungary Romania Serbia
83%
CHS Croatia Hungary Slovenia
82%
BCS Bosnia and Herzegovina Croatia Serbia
81%
KMS Kosovo Montenegro Serbia
81%
MRU Moldova Romania Ukraine
81%
BMS Bosnia and Herzegovina Montenegro Serbia
78%
BRS Bulgaria Romania Serbia
77%
AFS Andorra France Spain
68%
AFS Andorra France Spain
66%
AKM Albania Kosovo Montenegro
65%
KKU Kazakhstan Kyrgyzstan Uzbekistan
64%
KKC Kazakhstan Kyrgyzstan China
62%
NCR North Korea China Russia
62%
BCM Bosnia and Herzegovina Croatia Montenegro
61%
AAG Armenia Azerbaijan Georgia
58%
BGT Bulgaria Greece Turkey
58%
AGT Armenia Georgia Turkey
57%
KTU Kazakhstan Turkmenistan Uzbekistan
57%
KMS Kosovo Macedonia Serbia
57%
AGR Azerbaijan Georgia Russia
56%
AKM Albania Kosovo Macedonia
55%
BGM Bulgaria Greece Macedonia
55%
AAT Armenia Azerbaijan Turkey
54%
BMS Bulgaria Macedonia Serbia
54%
AIT Azerbaijan Iran Turkey
53%
IIT Iran Iraq Turkey
53%
AAI Armenia Azerbaijan Iran
52%
AAI Armenia Azerbaijan Iran
52%
IST Iraq Syria Turkey
52%
KTU Kyrgyzstan Tajikistan Uzbekistan
52%
AIT Azerbaijan Iran Turkmenistan
51%
IJS Israel Jordan Syria
50%
KCT Kyrgyzstan China Tajikistan
50%
APC Afghanistan Pakistan China
49%
ATU Afghanistan Tajikistan Uzbekistan
49%
ATU Afghanistan Turkmenistan Uzbekistan
49%
IJS Iraq Jordan Syria
49%
ILS Israel Lebanon Syria
49%
ACT Afghanistan China Tajikistan
48%
AGM Albania Greece Macedonia
47%
AIT Afghanistan Iran Turkmenistan
46%
IJS Iraq Jordan Saudi Arabia
46%
INC India Nepal China
44%
IPC India Pakistan China
43%
BIC Bhutan India China
42%
IKS Iraq Kuwait Saudi Arabia
42%
BIC Bhutan India China
41%
INC India Nepal China
41%
AIP Afghanistan Iran Pakistan
38%
ALT Algeria Libya Tunisia
38%
AKR Azerbaijan Kazakhstan Russia
38%
OSU Oman Saudi Arabia United Arab Emirates
38%
AKT Azerbaijan Kazakhstan Turkmenistan
37%
OSY Oman Saudi Arabia Yemen
36%
AMM Algeria Mali Mauritania
35%
AMM Algeria Mauritania Morocco
35%
LCV Laos China Vietnam
35%
ALN Algeria Libya Niger
33%
CLV Cambodia Laos Vietnam
30%
CLN Chad Libya Niger
29%
ELS Egypt Libya Sudan
29%
IBC India Burma China
29%
BIB Bangladesh India Burma
28%
DEE Djibouti Eritrea Ethiopia
27%
LBC Laos Burma China
27%
LBT Laos Burma Thailand
27%
AMN Algeria Mali Niger
26%
EGH El Salvador Guatemala Honduras
25%
EES Eritrea Ethiopia Sudan
25%
GGS Guinea Guinea-Bissau Senegal
25%
ABU Argentina Brazil Uruguay
24%
BBN Benin Burkina Faso Niger
24%
BNN Benin Niger Nigeria
24%
CLS Chad Libya Sudan
24%
BGM Belize Guatemala Mexico
23%
CLT Cambodia Laos Thailand
23%
CNN Chad Niger Nigeria
23%
GMS Guinea Mali Senegal
23%
BBT Benin Burkina Faso Togo
22%
BMN Burkina Faso Mali Niger
22%
CCN Cameroon Chad Nigeria
22%
DES Djibouti Ethiopia Somalia
22%
MMS Mali Mauritania Senegal
22%
ADZ Angola Dem R. Congo Zambia
21%
BZZ Botswana Zambia Zimbabwe
21%
BCV Brazil Colombia Venezuela
21%
BGT Burkina Faso Ghana Togo
21%
MSS Mozambique South Africa Swaziland
21%
MSS Mozambique South Africa Swaziland
21%
MZZ Mozambique Zambia Zimbabwe
21%
ANZ Angola Namibia Zambia
20%
ABP Argentina Brazil Paraguay
20%
BNZ Botswana Namibia Zambia
20%
BSZ Botswana South Africa Zimbabwe
20%
BRT Burundi Rwanda Tanzania
20%
CEP Colombia Ecuador Peru
20%
DTZ Dem R. Congo Tanzania Zambia
20%
MMZ Malawi Mozambique Zambia
20%
MTZ Malawi Tanzania Zambia
20%
MSZ Mozambique South Africa Zimbabwe
20%
BBP Bolivia Brazil Paraguay
19%
BBP Bolivia Brazil Peru
19%
BNS Botswana Namibia South Africa
19%
BDR Burundi Dem R. Congo Rwanda
19%
CCS Central African Republic Chad Sudan
19%
DRU Dem R. Congo Rwanda Uganda
19%
KSU Kenya South Sudan Uganda
19%
KTU Kenya Tanzania Uganda
19%
RTU Rwanda Tanzania Uganda
19%
ABC Argentina Bolivia Chile
18%
ABP Argentina Bolivia Paraguay
18%
BDT Burundi Dem R. Congo Tanzania
18%
DSU Dem R. Congo South Sudan Uganda
18%
EKS Ethiopia Kenya Somalia
18%
ESS Ethiopia South Sudan Sudan
18%
MMT Malawi Mozambique Tanzania
18%
BGS Brazil Guyana Suriname
17%
BGV Brazil Guyana Venezuela
17%
BCM Burkina Faso Cote d'Ivoire Mali
17%
EKS Ethiopia Kenya South Sudan
17%
BCP Bolivia Chile Peru
16%
BFS Brazil France Suriname
16%
CCC Cameroon Central African Republic Chad
16%
CCR Cameroon Central African Republic Rep. Congo
16%
CDR Central African Republic Dem R. Congo Rep. Congo
16%
CGM Cote d'Ivoire Guinea Mali
16%
ADR Angola Dem R. Congo Rep. Congo
15%
BCP Brazil Colombia Peru
15%
CEG Cameroon Equatorial Guinea Gabon
15%
CGR Cameroon Gabon Rep. Congo
15%
CDS Central African Republic Dem R. Congo South Sudan
15%
CSS Central African Republic South Sudan Sudan
14%
GLS Guinea Liberia Sierra Leone
14%
BCG Burkina Faso Cote d'Ivoire Ghana
13%
CGL Cote d'Ivoire Guinea Liberia
12%
No matching quizzes found
Score Distribution
Percent of People with Each Score
Percentile by Number Answered
Your Score History
You have not taken this quiz